| 000 | 00785nam a2200229 i 4500 | ||
|---|---|---|---|
| 001 | 30085 | ||
| 003 | ES-MaACL | ||
| 005 | 20240312170614.0 | ||
| 007 | t| | ||
| 008 | 030123s1898 cl ||||1| spa d | ||
| 080 | _a811.134.2'271 | ||
| 080 | _a811.134.2'373.6 | ||
| 100 | 1 |
_aBarra, Eduardo de la. _925804 |
|
| 245 | 1 | 0 |
_aInvestigaciones sobre la lengua i su desarrollo / _cpor E. de la Barra. |
| 260 |
_aSantiago de Chile : _b[s.n.], _c1898 ( _fImprenta Cervantes) |
||
| 300 |
_a21 p. ; _c25 cm. |
||
| 595 | _aSeparata de: Revista de instrucción primaria. | ||
| 650 | 0 | 4 |
_aLengua española- _xEtimología _914156 |
| 650 | 0 | 4 |
_aLengua española- _xUso. _914192 |
| 852 |
_aES-MaACL _jT-837-F-3 _z.- Enc. en un vol. facticio conservando la enc. original |
||
| 999 |
_c30085 _d30085 |
||